Histoire du drapeau des Émirats Arabes Unis - Statistiques

Statistiques générales
  • Ce quiz a été pris 51 fois
  • Le résultat moyen est 4 sur 6
Statistiques - réponses
Hint Réponse % Correct
Émirats Arabes Unis (drapeau actuel depuis 1971)
92%
États de la trêve (1820-1971)
67%
Empire Sassanides (224-651)
62%
Califat Rachidun (651-661) et califat Abbasside (750-1258)
56%
Califat Omeyyade (661-750)
54%
Empire d'Oman (1696-1820)
38%
Aucun quiz correspondant
Distribution des résultats
% des personnes avec chaque résultat
Percentile par nombre de réponses
Votre historique - résultats
Vous n’avez pas pris ce quiz